Statistics for Countries that Host the Most Refugees

Click here to take the quiz!

General Stats

  • This quiz has been taken 10,516 times
    (10,463 since last reset)
  • The average score is 15 of 20

Answer Stats

# Refugees Main Source Country % Correct
320,000UkraineRussia
92%
270,000ChinaUnited States
90%
1,840,000SyriaTurkey
90%
980,000AfghanistanIran
87%
250,000IraqGermany
86%
230,000SyriaEgypt
85%
300,000VietnamChina
85%
1,540,000AfghanistanPakistan
84%
290,000SyriaIraq
79%
700,000South SudanEthiopia
78%
270,000?France
76%
320,000South SudanSudan
76%
660,000SyriaJordan
75%
550,000SomaliaKenya
74%
1,170,000SyriaLebanon
72%
420,000SudanChad
65%
430,000D.R. CongoUganda
52%
270,000SudanSouth Sudan
50%
260,000SomaliaYemen
48%
290,000Central African RepublicCameroon
45%

Score Distribution

Percentile by Number Answered

Percent of People with Each Score

Your Score History

You have not taken this quiz since the last reset